[Event "Villarobledo Online Qualifyer"]
[Site "playchess.com #155672"]
[Date "2009.05.23"]
[Round "2"]
[White "badluck007"]
[Black "Daky Fighter"]
[Result "1-0"]
[WhiteElo "834"]
[BlackElo "1702"]
[PlyCount "43"]
[EventDate "2009.05.23"]
[EventType "swiss (blitz)"]

1. d4 {[%emt 0:00:06]} Nf6 {[%emt 0:00:04]} 2. c3 {[%emt 0:00:00]} e6 {[%emt 0:
00:02]} 3. Nf3 {[%emt 0:00:00]} c5 {[%emt 0:00:01]} 4. Bg5 {[%emt 0:00:00]}
cxd4 {[%emt 0:00:04]} 5. cxd4 {[%emt 0:00:00]} d5 {[%emt 0:00:01]} 6. Nc3 {
[%emt 0:00:01]} Be7 {[%emt 0:00:01]} 7. e3 {[%emt 0:00:00]} Nc6 {[%emt 0:00:01]
} 8. Bd3 {[%emt 0:00:00]} O-O {[%emt 0:00:02]} 9. Qe2 {[%emt 0:00:00]} a6 {
[%emt 0:00:03]} 10. e4 {[%emt 0:00:00]} dxe4 {[%emt 0:00:02]} 11. Nxe4 {[%emt
0:00:00]} Nxe4 {[%emt 0:00:02]} 12. Qxe4 {[%emt 0:00:00]} g6 {[%emt 0:00:05]}
13. Qh4 {[%emt 0:00:02]} Nb4 {[%emt 0:00:49]} 14. Bxe7 {[%emt 0:00:05]} Nxd3+ {
[%emt 0:00:08]} 15. Kd2 {[%emt 0:00:02] badluck007 offers a draw} Qb6 {[%emt 0:
00:25]} 16. Kxd3 {[%emt 0:00:05]} Qb5+ {[%emt 0:00:11]} 17. Ke3 {[%emt 0:00:07]
} Re8 {[%emt 0:00:15]} 18. Ng5 {[%emt 0:00:01]} h5 {[%emt 0:00:04]} 19. Ne4 {
[%emt 0:00:02]} Qd7 {[%emt 0:00:20]} 20. Nf6+ {[%emt 0:00:03]} Kg7 {[%emt 0:00:
03]} 21. Nxd7 {[%emt 0:00:01]} Bxd7 {[%emt 0:00:01]} 22. Qf6+ {[%emt 0:00:00]
Daky Fighter resigns} 1-0

[Event "Villarobledo Online Qualifyer"]
[Site "playchess.com #155672"]
[Date "2009.05.23"]
[Round "2"]
[White "Altruder"]
[Black "Markus Lammers"]
[Result "0-1"]
[WhiteElo "1669"]
[BlackElo "2538"]
[PlyCount "48"]
[EventDate "2009.05.23"]
[EventType "swiss (blitz)"]

1. d4 {[%emt 0:00:01]} Nf6 {[%emt 0:00:01]} 2. c4 {[%emt 0:00:01]} c5 {[%emt 0:
00:01]} 3. d5 {[%emt 0:00:01]} e6 {[%emt 0:00:00]} 4. Nc3 {[%emt 0:00:02]} exd5
{[%emt 0:00:00]} 5. cxd5 {[%emt 0:00:01]} d6 {[%emt 0:00:00]} 6. e4 {[%emt 0:
00:01]} g6 {[%emt 0:00:01]} 7. h3 {[%emt 0:00:01]} Bg7 {[%emt 0:00:01]} 8. Nf3
{[%emt 0:00:01]} O-O {[%emt 0:00:00]} 9. Bd3 {[%emt 0:00:01]} a6 {[%emt 0:00:
00]} 10. a4 {[%emt 0:00:03]} Nbd7 {[%emt 0:00:00]} 11. O-O {[%emt 0:00:02]} Nh5
{[%emt 0:00:01]} 12. Bg5 {[%emt 0:00:12]} Bf6 {[%emt 0:00:02]} 13. Qd2 {[%emt
0:00:13]} Re8 {[%emt 0:00:03]} 14. Rfe1 {[%emt 0:00:05]} Ne5 {[%emt 0:00:05]}
15. Nxe5 {[%emt 0:00:18]} Bxg5 {[%emt 0:00:02]} 16. Qc2 {[%emt 0:00:23]} Rxe5 {
[%emt 0:00:03]} 17. g3 {[%emt 0:00:08]} Bxh3 {[%emt 0:00:21]} 18. f4 {[%emt 0:
00:01]} Nxf4 {[%emt 0:00:02]} 19. gxf4 {[%emt 0:00:00]} Bxf4 {[%emt 0:00:01]}
20. Kf2 {[%emt 0:00:08]} Qh4+ {[%emt 0:00:03]} 21. Ke2 {[%emt 0:00:01]} Bg4+ {
[%emt 0:00:01]} 22. Kf1 {[%emt 0:00:05]} Rh5 {[%emt 0:00:16]} 23. Ne2 {[%emt 0:
00:24]} Qh3+ {[%emt 0:00:08]} 24. Kf2 {[%emt 0:00:02]} Be3# {[%emt 0:00:01]}
0-1

[Event "Villarobledo Online Qualifyer"]
[Site "playchess.com #155672"]
[Date "2009.05.23"]
[Round "2"]
[White "Lupi_linares"]
[Black "Darkmatter"]
[Result "1-0"]
[WhiteElo "1734"]
[BlackElo "1315"]
[PlyCount "49"]
[EventDate "2009.05.23"]
[EventType "swiss (blitz)"]

1. d4 {[%emt 0:00:02]} d5 {[%emt 0:00:06]} 2. Nf3 {[%emt 0:00:02]} e6 {[%emt 0:
00:01]} 3. c4 {[%emt 0:00:03]} c5 {[%emt 0:00:01]} 4. e3 {[%emt 0:00:04]} Nf6 {
[%emt 0:00:01]} 5. Nc3 {[%emt 0:00:02]} Nc6 {[%emt 0:00:02]} 6. a3 {[%emt 0:00:
02]} Be7 {[%emt 0:00:09]} 7. dxc5 {[%emt 0:00:01]} Bxc5 {[%emt 0:00:02]} 8. b4
{[%emt 0:00:01]} Be7 {[%emt 0:00:04]} 9. cxd5 {[%emt 0:00:05]} Nxd5 {[%emt 0:
00:01]} 10. Nxd5 {[%emt 0:00:02]} exd5 {[%emt 0:00:02]} 11. Bb2 {[%emt 0:00:01]
} O-O {[%emt 0:00:02]} 12. Be2 {[%emt 0:00:02]} Be6 {[%emt 0:00:05]} 13. O-O {
[%emt 0:00:01]} Qb6 {[%emt 0:00:01]} 14. Nd4 {[%emt 0:00:02]} Nxd4 {[%emt 0:00:
04]} 15. Bxd4 {[%emt 0:00:02]} Qd6 {[%emt 0:00:08]} 16. Rc1 {[%emt 0:00:07]} f5
{[%emt 0:00:02]} 17. Bf3 {[%emt 0:00:12]} Bf6 {[%emt 0:00:04]} 18. Bc5 {[%emt
0:00:02]} Qe5 {[%emt 0:00:09]} 19. Bxf8 {[%emt 0:00:03]} Rxf8 {[%emt 0:00:02]}
20. Qa4 {[%emt 0:00:05]} a6 {[%emt 0:00:04]} 21. Rc2 {[%emt 0:00:06]} Be7 {
[%emt 0:00:05]} 22. Rfc1 {[%emt 0:00:03]} Rf6 {[%emt 0:00:06]} 23. g3 {[%emt 0:
00:05]} Rh6 {[%emt 0:00:02]} 24. Rc7 {[%emt 0:00:10]} Bh4 {[%emt 0:00:29]} 25.
Qe8# {[%emt 0:00:07]} 1-0

[Event "Villarobledo Online Qualifyer"]
[Site "playchess.com #155672"]
[Date "2009.05.23"]
[Round "2"]
[White "Sparta Praha"]
[Black "Tomik Trhal"]
[Result "1-0"]
[WhiteElo "2677"]
[BlackElo "2168"]
[PlyCount "53"]
[EventDate "2009.05.23"]
[EventType "swiss (blitz)"]

1. Nf3 {[%emt 0:00:02]} Nf6 {[%emt 0:00:02]} 2. c4 {[%emt 0:00:06]} e6 {[%emt
0:00:01]} 3. g3 {[%emt 0:00:01]} d5 {[%emt 0:00:01]} 4. Bg2 {[%emt 0:00:01]} c6
{[%emt 0:00:01]} 5. Qc2 {[%emt 0:00:02]} Be7 {[%emt 0:00:02]} 6. O-O {[%emt 0:
00:01]} O-O {[%emt 0:00:00]} 7. d4 {[%emt 0:00:01]} Nbd7 {[%emt 0:00:01]} 8.
Rd1 {[%emt 0:00:01]} Re8 {[%emt 0:00:02]} 9. b3 {[%emt 0:00:02]} Nf8 {[%emt 0:
00:03]} 10. Nc3 {[%emt 0:00:01]} Ng6 {[%emt 0:00:01]} 11. e4 {[%emt 0:00:01]}
dxe4 {[%emt 0:00:01]} 12. Nxe4 {[%emt 0:00:01]} Nxe4 {[%emt 0:00:00]} 13. Qxe4
{[%emt 0:00:01]} Bf6 {[%emt 0:00:01]} 14. Bb2 {[%emt 0:00:02]} Qc7 {[%emt 0:00:
03]} 15. h4 {[%emt 0:00:02]} b6 {[%emt 0:00:03]} 16. h5 {[%emt 0:00:02]} Ne7 {
[%emt 0:00:01]} 17. Ne5 {[%emt 0:00:04]} Bb7 {[%emt 0:00:07]} 18. Ng4 {[%emt 0:
00:03]} Rab8 {[%emt 0:00:35]} 19. Nxf6+ {[%emt 0:00:14]} gxf6 {[%emt 0:00:01]}
20. Qh4 {[%emt 0:00:03]} Nf5 {[%emt 0:00:08]} 21. Qxf6 {[%emt 0:00:01]} Qe7 {
[%emt 0:00:01]} 22. Qe5 {[%emt 0:00:07]} f6 {[%emt 0:00:09]} 23. Qf4 {[%emt 0:
00:03]} Kf7 {[%emt 0:00:32]} 24. d5 {[%emt 0:00:09]} cxd5 {[%emt 0:00:05]} 25.
cxd5 {[%emt 0:00:13]} Nd6 {[%emt 0:00:42]} 26. dxe6+ {[%emt 0:00:04]} Kxe6 {
[%emt 0:00:01]} 27. Re1+ {[%emt 0:00:02] Tomik Trhal resigns} 1-0

[Event "Villarobledo Online Qualifyer"]
[Site "playchess.com #155672"]
[Date "2009.05.23"]
[Round "2"]
[White "Marx"]
[Black "Musterlukas"]
[Result "0-1"]
[WhiteElo "1309"]
[BlackElo "1725"]
[PlyCount "54"]
[EventDate "2009.05.23"]
[EventType "swiss (blitz)"]

1. e4 {[%emt 0:00:02]} c5 {[%emt 0:00:02]} 2. Nf3 {[%emt 0:00:02]} d6 {[%emt 0:
00:02]} 3. Bc4 {[%emt 0:00:01]} e6 {[%emt 0:00:02]} 4. d4 {[%emt 0:00:01]} cxd4
{[%emt 0:00:02]} 5. Nxd4 {[%emt 0:00:01]} Nf6 {[%emt 0:00:02]} 6. Bg5 {[%emt 0:
00:02]} Be7 {[%emt 0:00:02]} 7. O-O {[%emt 0:00:02]} Qc7 {[%emt 0:00:01]} 8.
Bd3 {[%emt 0:00:07]} a6 {[%emt 0:00:02]} 9. c4 {[%emt 0:00:08]} Nc6 {[%emt 0:
00:02]} 10. Nxc6 {[%emt 0:00:03]} bxc6 {[%emt 0:00:01]} 11. Nc3 {[%emt 0:00:03]
} O-O {[%emt 0:00:02]} 12. Qf3 {[%emt 0:00:13]} e5 {[%emt 0:00:05]} 13. h3 {
[%emt 0:00:10]} a5 {[%emt 0:00:07]} 14. a4 {[%emt 0:00:15]} Be6 {[%emt 0:00:03]
} 15. b3 {[%emt 0:00:03]} Rab8 {[%emt 0:00:02]} 16. Rab1 {[%emt 0:00:02]} Rb7 {
[%emt 0:00:08]} 17. Rfc1 {[%emt 0:00:30]} Rfb8 {[%emt 0:00:04]} 18. Bxf6 {
[%emt 0:00:01]} Bxf6 {[%emt 0:00:02]} 19. Nd5 {[%emt 0:00:01]} Qd8 {[%emt 0:00:
10]} 20. Nxf6+ {[%emt 0:00:05]} gxf6 {[%emt 0:00:04]} 21. h4 {[%emt 0:00:13]}
Kh8 {[%emt 0:00:03]} 22. h5 {[%emt 0:00:01]} Qe7 {[%emt 0:00:09]} 23. Rc3 {
[%emt 0:00:20]} Rg8 {[%emt 0:00:03]} 24. h6 {[%emt 0:00:28]} Rg6 {[%emt 0:00:
03]} 25. Qe3 {[%emt 0:00:07]} Qf8 {[%emt 0:00:09]} 26. f4 {[%emt 0:00:09]} Qxh6
{[%emt 0:00:05]} 27. f5 {[%emt 0:00:02]} Qxe3+ {[%emt 0:00:02] Marx resigns}
0-1

[Event "Villarobledo Online Qualifyer"]
[Site "playchess.com #155672"]
[Date "2009.05.23"]
[Round "2"]
[White "Acepoint"]
[Black "TheMaster15"]
[Result "0-1"]
[WhiteElo "1870"]
[BlackElo "2322"]
[PlyCount "64"]
[EventDate "2009.05.23"]
[EventType "swiss (blitz)"]

1. e4 {[%emt 0:00:02]} Nc6 {[%emt 0:00:02]} 2. Nf3 {[%emt 0:00:01]} e5 {[%emt
0:00:01]} 3. d4 {[%emt 0:00:02]} exd4 {[%emt 0:00:01]} 4. Bc4 {[%emt 0:00:01]}
Nf6 {[%emt 0:00:01]} 5. O-O {[%emt 0:00:01]} Bc5 {[%emt 0:00:13]} 6. e5 {[%emt
0:00:02]} d5 {[%emt 0:00:03]} 7. exf6 {[%emt 0:00:01]} dxc4 {[%emt 0:00:04]} 8.
Re1+ {[%emt 0:00:00]} Be6 {[%emt 0:00:03]} 9. Ng5 {[%emt 0:00:01]} Qd5 {[%emt
0:00:04]} 10. Nc3 {[%emt 0:00:00]} Qf5 {[%emt 0:00:02]} 11. Nce4 {[%emt 0:00:
02]} O-O-O {[%emt 0:00:03]} 12. Nxe6 {[%emt 0:00:02]} fxe6 {[%emt 0:00:05]} 13.
Bg5 {[%emt 0:00:00]} Rhg8 {[%emt 0:00:29]} 14. f7 {[%emt 0:00:19]} Rgf8 {[%emt
0:00:07]} 15. Bxd8 {[%emt 0:00:03]} Nxd8 {[%emt 0:00:01]} 16. Nxc5 {[%emt 0:00:
05]} Qxc5 {[%emt 0:00:01]} 17. Qg4 {[%emt 0:00:13]} Rxf7 {[%emt 0:00:10]} 18.
Rxe6 {[%emt 0:00:10]} Nxe6 {[%emt 0:00:11]} 19. Qxe6+ {[%emt 0:00:01]} Rd7 {
[%emt 0:00:01]} 20. Qe8+ {[%emt 0:00:05]} Rd8 {[%emt 0:00:01]} 21. Qe6+ {[%emt
0:00:01]} Kb8 {[%emt 0:00:01]} 22. c3 {[%emt 0:00:11]} d3 {[%emt 0:00:07]} 23.
Rd1 {[%emt 0:00:02]} a6 {[%emt 0:00:02]} 24. Qe4 {[%emt 0:00:08]} Qh5 {[%emt 0:
00:08]} 25. f3 {[%emt 0:00:15]} Qc5+ {[%emt 0:00:02]} 26. Kf1 {[%emt 0:00:04]}
Ka7 {[%emt 0:00:10]} 27. b3 {[%emt 0:00:05]} cxb3 {[%emt 0:00:05]} 28. axb3 {
[%emt 0:00:02]} Qxc3 {[%emt 0:00:03]} 29. Qxh7 {[%emt 0:00:10]} Qxb3 {[%emt 0:
00:04]} 30. Rd2 {[%emt 0:00:10]} Qb1+ {[%emt 0:00:29]} 31. Kf2 {[%emt 0:00:01]}
Re8 {[%emt 0:00:01]} 32. Qxd3 {[%emt 0:00:06]} Qe1# {[%emt 0:00:01]} 0-1

[Event "Villarobledo Online Qualifyer"]
[Site "playchess.com #155672"]
[Date "2009.05.23"]
[Round "2"]
[White "-st!er-"]
[Black "Sombroff"]
[Result "1-0"]
[WhiteElo "2846"]
[BlackElo "2183"]
[PlyCount "59"]
[EventDate "2009.05.23"]
[EventType "swiss (blitz)"]

1. d4 {[%emt 0:00:04]} d5 {[%emt 0:00:04]} 2. c4 {[%emt 0:00:01]} c6 {[%emt 0:
00:01]} 3. Nf3 {[%emt 0:00:00]} Nf6 {[%emt 0:00:06]} 4. Nc3 {[%emt 0:00:01]}
dxc4 {[%emt 0:00:02]} 5. a4 {[%emt 0:00:01]} Bf5 {[%emt 0:00:01]} 6. e3 {[%emt
0:00:01]} e6 {[%emt 0:00:01]} 7. Bxc4 {[%emt 0:00:00]} Bb4 {[%emt 0:00:02]} 8.
O-O {[%emt 0:00:01]} O-O {[%emt 0:00:01]} 9. Nh4 {[%emt 0:00:03]} Bg4 {[%emt 0:
00:05]} 10. f3 {[%emt 0:00:02]} Bh5 {[%emt 0:00:01]} 11. g4 {[%emt 0:00:01]}
Bg6 {[%emt 0:00:01]} 12. Nxg6 {[%emt 0:00:03]} hxg6 {[%emt 0:00:01]} 13. e4 {
[%emt 0:00:00]} Nbd7 {[%emt 0:00:07]} 14. Be3 {[%emt 0:00:06]} Qa5 {[%emt 0:00:
11]} 15. Na2 {[%emt 0:00:26]} Be7 {[%emt 0:00:22]} 16. Rb1 {[%emt 0:00:06]} c5
{[%emt 0:00:10]} 17. g5 {[%emt 0:00:07]} Nh5 {[%emt 0:00:07]} 18. d5 {[%emt 0:
00:01]} Ne5 {[%emt 0:00:05]} 19. Be2 {[%emt 0:00:12]} exd5 {[%emt 0:00:04]} 20.
Qxd5 {[%emt 0:00:02]} Nc6 {[%emt 0:00:06]} 21. Nc3 {[%emt 0:00:03]} Rad8 {
[%emt 0:00:09]} 22. Qa2 {[%emt 0:00:03]} Nd4 {[%emt 0:00:02]} 23. Bc4 {[%emt 0:
00:02]} Bd6 {[%emt 0:00:18]} 24. Nd5 {[%emt 0:00:04]} Bb8 {[%emt 0:00:44]} 25.
b4 {[%emt 0:00:14]} cxb4 {[%emt 0:00:07]} 26. Bxd4 {[%emt 0:00:04]} Nf4 {[%emt
0:00:11]} 27. Be3 {[%emt 0:00:02]} Ne6 {[%emt 0:00:04]} 28. Ne7+ {[%emt 0:00:
08]} Kh8 {[%emt 0:00:01]} 29. Bxe6 {[%emt 0:00:00]} fxe6 {[%emt 0:00:01]} 30.
Qg2 {[%emt 0:00:05] Sombroff abandonne} 1-0

[Event "Villarobledo Online Qualifyer"]
[Site "playchess.com #155672"]
[Date "2009.05.23"]
[Round "2"]
[White "Master--Sim"]
[Black "Shatterhand"]
[Result "0-1"]
[WhiteElo "2038"]
[BlackElo "2413"]
[PlyCount "146"]
[EventDate "2009.05.23"]
[EventType "swiss (blitz)"]

1. d4 {[%emt 0:00:02]} Nf6 {[%emt 0:00:01]} 2. Nf3 {[%emt 0:00:01]} g6 {[%emt
0:00:01]} 3. Bf4 {[%emt 0:00:00]} Bg7 {[%emt 0:00:01]} 4. e3 {[%emt 0:00:02]}
O-O {[%emt 0:00:01]} 5. h3 {[%emt 0:00:00]} b6 {[%emt 0:00:01]} 6. Bh2 {[%emt
0:00:00]} Bb7 {[%emt 0:00:01]} 7. Be2 {[%emt 0:00:00]} Ne4 {[%emt 0:00:04]} 8.
O-O {[%emt 0:00:01]} d6 {[%emt 0:00:01]} 9. Nbd2 {[%emt 0:00:01]} Nxd2 {[%emt
0:00:01]} 10. Nxd2 {[%emt 0:00:05]} Nd7 {[%emt 0:00:01]} 11. Bf3 {[%emt 0:00:
01]} Bxf3 {[%emt 0:00:01]} 12. Nxf3 {[%emt 0:00:00]} e5 {[%emt 0:00:08]} 13.
dxe5 {[%emt 0:00:02]} dxe5 {[%emt 0:00:06]} 14. Qe2 {[%emt 0:00:02]} Qe7 {
[%emt 0:00:01]} 15. c3 {[%emt 0:00:02]} Rfd8 {[%emt 0:00:01]} 16. Rfd1 {[%emt
0:00:03]} f6 {[%emt 0:00:01]} 17. Rd2 {[%emt 0:00:01]} Nf8 {[%emt 0:00:03]} 18.
Rad1 {[%emt 0:00:01]} Ne6 {[%emt 0:00:01]} 19. Qc4 {[%emt 0:00:02]} Kf7 {[%emt
0:00:11]} 20. a4 {[%emt 0:00:08]} Rxd2 {[%emt 0:00:06]} 21. Rxd2 {[%emt 0:00:
02]} Rd8 {[%emt 0:00:00]} 22. Qe2 {[%emt 0:00:04]} Bf8 {[%emt 0:00:16]} 23. Bg3
{[%emt 0:00:05]} h6 {[%emt 0:00:07]} 24. Ne1 {[%emt 0:00:02]} Rd6 {[%emt 0:00:
09]} 25. f3 {[%emt 0:00:02]} Qd7 {[%emt 0:00:01]} 26. Rxd6 {[%emt 0:00:02]}
Bxd6 {[%emt 0:00:06]} 27. Qc2 {[%emt 0:00:02]} Bc5 {[%emt 0:00:02]} 28. Bf2 {
[%emt 0:00:01]} a5 {[%emt 0:00:05]} 29. Nd3 {[%emt 0:00:01]} Be7 {[%emt 0:00:
01]} 30. e4 {[%emt 0:00:03]} Qc6 {[%emt 0:00:04]} 31. Kf1 {[%emt 0:00:04]} Qc4
{[%emt 0:00:02]} 32. Ke1 {[%emt 0:00:04]} Qa2 {[%emt 0:00:06]} 33. Kd2 {[%emt
0:00:06]} Qa1 {[%emt 0:00:01]} 34. Nc1 {[%emt 0:00:06]} Bc5 {[%emt 0:00:04]}
35. Bxc5 {[%emt 0:00:03]} Nxc5 {[%emt 0:00:00]} 36. b3 {[%emt 0:00:03]} Ke7 {
[%emt 0:00:07]} 37. Nd3 {[%emt 0:00:03]} Qg1 {[%emt 0:00:05]} 38. Nxc5 {[%emt
0:00:02]} Qxg2+ {[%emt 0:00:18]} 39. Kc1 {[%emt 0:00:01]} Qxc2+ {[%emt 0:00:01]
} 40. Kxc2 {[%emt 0:00:00]} bxc5 {[%emt 0:00:01]} 41. Kd3 {[%emt 0:00:01]} Kd6
{[%emt 0:00:02]} 42. Kc4 {[%emt 0:00:01]} Kc6 {[%emt 0:00:01]} 43. b4 {[%emt 0:
00:02]} cxb4 {[%emt 0:00:01]} 44. cxb4 {[%emt 0:00:00]} axb4 {[%emt 0:00:02]}
45. Kxb4 {[%emt 0:00:00]} f5 {[%emt 0:00:12]} 46. Kc4 {[%emt 0:00:03]} fxe4 {
[%emt 0:00:11]} 47. fxe4 {[%emt 0:00:00]} g5 {[%emt 0:00:01]} 48. a5 {[%emt 0:
00:01]} h5 {[%emt 0:00:01]} 49. a6 {[%emt 0:00:02]} g4 {[%emt 0:00:01]} 50.
hxg4 {[%emt 0:00:02]} hxg4 {[%emt 0:00:01]} 51. Kd3 {[%emt 0:00:00]} Kb6 {
[%emt 0:00:03]} 52. Ke3 {[%emt 0:00:00]} c5 {[%emt 0:00:01]} 53. Kf2 {[%emt 0:
00:01]} c4 {[%emt 0:00:01]} 54. Kg3 {[%emt 0:00:00]} c3 {[%emt 0:00:01]} 55.
Kxg4 {[%emt 0:00:00]} c2 {[%emt 0:00:01]} 56. Kf5 {[%emt 0:00:00]} c1=Q {[%emt
0:00:01]} 57. Kxe5 {[%emt 0:00:00]} Qc8 {[%emt 0:00:03]} 58. Kd6 {[%emt 0:00:
01]} Qd8+ {[%emt 0:00:01]} 59. Ke6 {[%emt 0:00:01]} Qe8+ {[%emt 0:00:01]} 60.
Kf5 {[%emt 0:00:01]} Kxa6 {[%emt 0:00:00]} 61. e5 {[%emt 0:00:01]} Kb6 {[%emt
0:00:00]} 62. Kf6 {[%emt 0:00:01]} Kc6 {[%emt 0:00:01]} 63. e6 {[%emt 0:00:00]}
Kd6 {[%emt 0:00:01]} 64. e7 {[%emt 0:00:01]} Qxe7+ {[%emt 0:00:01]} 65. Kf5 {
[%emt 0:00:00]} Qe6+ {[%emt 0:00:01]} 66. Kf4 {[%emt 0:00:00]} Qe5+ {[%emt 0:
00:01]} 67. Kf3 {[%emt 0:00:00]} Qd4 {[%emt 0:00:01]} 68. Ke2 {[%emt 0:00:01]}
Qc3 {[%emt 0:00:01]} 69. Kd1 {[%emt 0:00:01]} Qb2 {[%emt 0:00:01]} 70. Ke1 {
[%emt 0:00:01]} Ke5 {[%emt 0:00:00]} 71. Kf1 {[%emt 0:00:00]} Ke4 {[%emt 0:00:
01]} 72. Kg1 {[%emt 0:00:00]} Kf3 {[%emt 0:00:02]} 73. Kh1 {[%emt 0:00:00]}
Qg2# {[%emt 0:00:02]} 0-1

[Event "Villarobledo Online Qualifyer"]
[Site "playchess.com #155672"]
[Date "2009.05.23"]
[Round "2"]
[White "MONfma0211"]
[Black "CubaChessPraxis"]
[Result "0-1"]
[WhiteElo "1666"]
[BlackElo "2119"]
[PlyCount "70"]
[EventDate "2009.05.23"]
[EventType "swiss (blitz)"]

1. e4 {[%emt 0:00:03]} c5 {[%emt 0:00:03]} 2. Nf3 {[%emt 0:00:02]} e6 {[%emt 0:
00:01]} 3. d3 {[%emt 0:00:01]} Nc6 {[%emt 0:00:04]} 4. g3 {[%emt 0:00:01]} Nge7
{[%emt 0:00:02]} 5. Bg2 {[%emt 0:00:01]} d5 {[%emt 0:00:02]} 6. Nbd2 {[%emt 0:
00:02]} g6 {[%emt 0:00:01]} 7. O-O {[%emt 0:00:01]} Bg7 {[%emt 0:00:01]} 8. c3
{[%emt 0:00:00]} b6 {[%emt 0:00:03]} 9. Qe2 {[%emt 0:00:01]} Bb7 {[%emt 0:00:
01]} 10. Re1 {[%emt 0:00:05]} Qd7 {[%emt 0:00:02]} 11. a3 {[%emt 0:00:02]} O-O
{[%emt 0:00:03]} 12. e5 {[%emt 0:00:03]} h6 {[%emt 0:00:04]} 13. h4 {[%emt 0:
00:02]} Rae8 {[%emt 0:00:02]} 14. Nf1 {[%emt 0:00:02]} d4 {[%emt 0:00:20]} 15.
c4 {[%emt 0:00:03]} Nd8 {[%emt 0:00:08]} 16. N1h2 {[%emt 0:00:02]} Nf5 {[%emt
0:00:04]} 17. Bf4 {[%emt 0:00:16]} Bc6 {[%emt 0:00:02]} 18. g4 {[%emt 0:00:09]}
Ne7 {[%emt 0:00:02]} 19. Qd2 {[%emt 0:00:02]} Kh7 {[%emt 0:00:01]} 20. Nf1 {
[%emt 0:00:14]} Ng8 {[%emt 0:00:02]} 21. Ng3 {[%emt 0:00:02]} Qb7 {[%emt 0:00:
02]} 22. Ne4 {[%emt 0:00:04]} Bxe4 {[%emt 0:00:13]} 23. Rxe4 {[%emt 0:00:02]}
Qd7 {[%emt 0:00:01]} 24. h5 {[%emt 0:00:24]} gxh5 {[%emt 0:00:10]} 25. gxh5 {
[%emt 0:00:06]} Ne7 {[%emt 0:00:03]} 26. Kh1 {[%emt 0:00:15]} Nf5 {[%emt 0:00:
02]} 27. Rg1 {[%emt 0:00:04]} Rg8 {[%emt 0:00:01]} 28. Bh3 {[%emt 0:00:11]} Qc6
{[%emt 0:00:03]} 29. Bg2 {[%emt 0:00:10]} Qc8 {[%emt 0:00:06]} 30. Bh3 {[%emt
0:00:10]} Bh8 {[%emt 0:00:02]} 31. Rxg8 {[%emt 0:00:04]} Rxg8 {[%emt 0:00:02]}
32. Bxf5+ {[%emt 0:00:01]} exf5 {[%emt 0:00:01]} 33. Re1 {[%emt 0:00:01]} Qc6 {
[%emt 0:00:03]} 34. Qe2 {[%emt 0:00:06]} Ne6 {[%emt 0:00:02]} 35. Bh2 {[%emt 0:
00:07]} Ng5 {[%emt 0:00:03] MONfma0211 rinde} 0-1

[Event "Villarobledo Online Qualifyer"]
[Site "playchess.com #155672"]
[Date "2009.05.23"]
[Round "2"]
[White "Master of poker"]
[Black "Slavmonster"]
[Result "0-1"]
[WhiteElo "2497"]
[BlackElo "2071"]
[PlyCount "44"]
[EventDate "2009.05.23"]
[EventType "swiss (blitz)"]

1. e4 {[%emt 0:00:02]} e5 {[%emt 0:00:02]} 2. Nf3 {[%emt 0:00:02]} Nc6 {[%emt
0:00:01]} 3. Bc4 {[%emt 0:00:01]} Nf6 {[%emt 0:00:02]} 4. d4 {[%emt 0:00:01]}
exd4 {[%emt 0:00:02]} 5. O-O {[%emt 0:00:00]} Bc5 {[%emt 0:00:04]} 6. e5 {
[%emt 0:00:04]} d5 {[%emt 0:00:01]} 7. exf6 {[%emt 0:00:01]} dxc4 {[%emt 0:00:
01]} 8. Re1+ {[%emt 0:00:01]} Be6 {[%emt 0:00:01]} 9. Ng5 {[%emt 0:00:00]} Qd5
{[%emt 0:00:02]} 10. Nc3 {[%emt 0:00:01]} Qf5 {[%emt 0:00:01]} 11. Nce4 {[%emt
0:00:01]} O-O-O {[%emt 0:00:04]} 12. g4 {[%emt 0:00:01]} Qe5 {[%emt 0:00:04]}
13. Qf3 {[%emt 0:00:24]} gxf6 {[%emt 0:00:37]} 14. Bf4 {[%emt 0:00:46]} Qd5 {
[%emt 0:00:02]} 15. Nxc5 {[%emt 0:00:21]} Qxc5 {[%emt 0:00:07]} 16. Nxe6 {
[%emt 0:00:04]} fxe6 {[%emt 0:00:00]} 17. Rxe6 {[%emt 0:00:04]} h5 {[%emt 0:01:
15]} 18. Rae1 {[%emt 0:00:38]} hxg4 {[%emt 0:00:05]} 19. Qxg4 {[%emt 0:00:02]}
Rhg8 {[%emt 0:00:06]} 20. Qxg8 {[%emt 0:00:32]} Rxg8+ {[%emt 0:00:01]} 21. Kh1
{[%emt 0:00:00]} Qd5+ {[%emt 0:00:04]} 22. R1e4 {[%emt 0:00:01]} f5 {[%emt 0:
00:03] Master of poker abandonne} 0-1